000
00421nam a2200145Ia 4500
008
100204s9999 xx 000 0 und d
082
_b
18939
100
_a
इनामदार ना.स.
245
_a
घातचक्र
260
_b
"सन पब्लिकेशन्स , पुणे"
_c
1996
300
_a
107
630
_a
घातचक्र
730
_a
घातचक्र
942
_c
BOOK
999
_c
463362
_d
463359